Coupe COSAFA - Statistiques

Statistiques générales
  • Ce quiz a été pris 8 fois
  • Le résultat moyen est 5 sur 8
Statistiques - réponses
% Correct
3 Comores
100%
4 Seychelles
80%
2 Angola
60%
1 Botswana
60%
1 Eswatini
60%
2 Lesotho
60%
3 Malawi
60%
4 Maurice
60%
Aucun quiz correspondant
Distribution des résultats
% des personnes avec chaque résultat
Percentile par nombre de réponses
Votre historique - résultats
Vous n’avez pas pris ce quiz